000
00296nam a22001337a 4500
008
180924b xxu||||| |||| 00| 0 eng d
020
_a
9780023632600
041
_a
eng
080
_2
3 ED
_a
941
100
_a
16
101
_a
HIS
245
_a
The Western Heritage
_c
Kagan.D
942
_2
udc
_c
BK
999
_c
48353
_d
48353